[Event "Gran Canaria Joseito Memorial 30th"]
[Site "Gran Canaria"]
[Date "2012.09.01"]
[Round "4"]
[White "Guerrero Orihuela, Juan Antonio"]
[Black "Matias Quintana, Jose David"]
[Result "1-0"]
[WhiteElo "1220"]
[BlackElo "1200"]
[PlyCount "53"]
[EventDate "2012.09.01"]
[EventType "swiss"]
[EventRounds "6"]
[EventCountry "ESP"]
[SourceTitle "CBM 150 Extra"]
[Source "ChessBase"]
[SourceDate "2012.10.19"]
[SourceVersion "1"]
[SourceVersionDate "2012.10.19"]
[SourceQuality "1"]

1. e4 Nc6 2. Nf3 Nf6 3. Nc3 d6 4. Bc4 Ne5 5. d3 Bd7 6. Bg5 Nh5 7. 0-0 g6 8. Bb5 Bg7 9. Qd2 Bf6 10. Bh6 Rg8 11. Bxd7+ Nxd7 12. Bg5 Bg7 13. Bh6 Bxh6 14. Qxh6 Ng7 15. Qxh7 Rf8 16. Qxg7 Nc5 17. Qd4 Na6 18. Qd5 e6 19. Qxb7 Qc8 20. Qxc8+ Rxc8 21. Nb5 Nb4 22. c3 Nc2 23. Rac1 Nd4 24. cxd4 Rb8 25. Nxc7+ Kd8 26. Na6 Rxb2 27. Rc3 1-0